[Event "V Weekend B"]
[Site "Porto Sant'Elpidio ITA"]
[Date "2002.11.10"]
[Round "5"]
[White "Marinucci, Johnny"]
[Black "Yamauchi, Juan"]
[Result "1-0"]
[WhiteElo "1534"]
[BlackElo "1416"]
[PlyCount "107"]
[EventDate "2002.11.02"]

1. d4 e6 2. Nf3 Nf6 3. Bf4 b6 4. h3 Bb7 5. Nbd2 Nc6 6. e3 Be7 7. c3 a6 8. Bd3
d5 9. O-O Nh5 10. Bh2 Bd6 11. Ne5 g6 12. f4 Ng7 13. Ndf3 h6 14. Qe2 Ne7 15. Bg3
Nef5 16. Bh2 O-O 17. g4 Ne7 18. h4 Qe8 19. g5 h5 20. Nd2 c5 21. Rf2 Nef5 22.
Nef3 c4 23. Bc2 b5 24. e4 dxe4 25. Bxe4 Bxe4 26. Nxe4 Be7 27. Rff1 Qd8 28. Kg2
Nd6 29. Ned2 Ngf5 30. Bg3 Qc7 31. a3 Qc6 32. Kh3 Qb7 33. Ne5 Rae8 34. Rae1 Kg7
35. Ne4 Qc8 36. Nc5 Rd8 37. Qf3 Nxg3 38. Qxg3 Nf5 39. Qf2 Bxc5 40. dxc5 Rd5 41.
Rd1 Rfd8 42. Rxd5 Rxd5 43. c6 Ne7 44. Qa7 Rd3+ 45. Nxd3 Nxc6 46. Qc5 cxd3 47.
Kh2 Qd7 48. Qe3 Na5 49. Rd1 Nc4 50. Qxd3 Qc7 51. Qd4+ Kh7 52. b3 Na5 53. b4 Nb3
54. Qf6 1-0

[Event "V Weekend B"]
[Site "Porto Sant'Elpidio ITA"]
[Date "2002.11.10"]
[Round "5"]
[White "Muzzi, Claudio"]
[Black "Morici, Marco"]
[Result "0-1"]
[WhiteElo "1536"]
[BlackElo "1621"]
[PlyCount "56"]
[EventDate "2002.11.02"]

1. e4 e6 2. d4 d5 3. e5 c5 4. c3 Nc6 5. Nf3 Qb6 6. Bd3 cxd4 7. cxd4 Bd7 8. O-O
Nxd4 9. Nxd4 Qxd4 10. Qe2 Ne7 11. Nd2 Nc6 12. Nf3 Qb6 13. a3 a6 14. Be3 Qc7 15.
Rac1 Qb8 16. Bb6 Be7 17. Rfe1 O-O 18. Rc3 f5 19. Rcc1 Rf7 20. Qc2 Qe8 21. Be3
Qd8 22. b4 Rc8 23. Qd2 h6 24. Kh1 g5 25. Bb1 g4 26. Bxh6 gxf3 27. gxf3 Kh8 28.
Rg1 Nxe5 0-1

[Event "V Weekend B"]
[Site "Porto Sant'Elpidio ITA"]
[Date "2002.11.10"]
[Round "5"]
[White "Padovani, Alessio"]
[Black "Fratini, Mauro"]
[Result "1-0"]
[WhiteElo "1635"]
[BlackElo "1594"]
[PlyCount "101"]
[EventDate "2002.11.02"]

1. c4 Nf6 2. g3 g6 3. Bg2 Bg7 4. Nc3 d6 5. Nf3 O-O 6. O-O e5 7. d3 Nc6 8. Bg5
h6 9. Bd2 Qe8 10. Qc1 Kh7 11. Nd5 Qd8 12. e4 Bg4 13. Be3 Nxd5 14. cxd5 Ne7 15.
Qd2 Qd7 16. Rfc1 f5 17. Ne1 g5 18. f3 Bh5 19. Bf2 fxe4 20. dxe4 Rf6 21. g4 Bf7
22. Rc3 Ng6 23. Bg3 Rf8 24. Rac1 Rc8 25. Qc2 c5 26. dxc6 bxc6 27. Rxc6 Rxc6 28.
Qxc6 Qd8 29. Qc7 Qxc7 30. Rxc7 Bxa2 31. Rxa7 Bc4 32. Nc2 Nf8 33. Ne3 Bb3 34.
Nf5 Rf7 35. Rxf7 Bxf7 36. Nxd6 Be6 37. Bf1 Nd7 38. Bf2 Bf8 39. Bc4 Bxc4 40.
Nxc4 Kg6 41. Nb6 Nc5 42. Nd5 Nd3 43. b3 Kf7 44. Kf1 Bd6 45. Be3 Ke6 46. Ke2 Nc5
47. Bxc5 Bxc5 48. Kd3 Kd6 49. Kc4 Kc6 50. b4 Bd4 51. Ne7+ 1-0

[Event "V Weekend B"]
[Site "Porto Sant'Elpidio ITA"]
[Date "2002.11.10"]
[Round "5"]
[White "Paolini, Fabio"]
[Black "Iaconi, Andrea"]
[Result "0-1"]
[WhiteElo "1687"]
[BlackElo "1623"]
[PlyCount "90"]
[EventDate "2002.11.02"]

1. e4 c5 2. Nc3 d6 3. g3 Nf6 4. Bg2 e6 5. d3 Be7 6. h3 Nc6 7. Be3 Bd7 8. Nge2
a6 9. f4 Qc7 10. g4 O-O-O 11. Qd2 h6 12. Ng3 Qa5 13. O-O e5 14. fxe5 dxe5 15.
a3 c4 16. dxc4 Bxg4 17. Qf2 Nd4 18. b4 Qc7 19. Nd5 Nxd5 20. cxd5 Bd7 21. c3 Nb3
22. Bb6 Qd6 23. Bxd8 Bxd8 24. Rab1 Bb6 25. Rxb3 Bxf2+ 26. Rxf2 Qg6 27. c4 Rf8
28. b5 axb5 29. cxb5 Qb6 30. a4 Qd4 31. Rbb2 Kb8 32. a5 f5 33. exf5 Rc8 34. Kh2
Rc3 35. a6 Qh4 36. Ne4 Re3 37. Nc5 Qg3+ 38. Kh1 Re1+ 39. Rf1 Rxf1+ 40. Bxf1
Bxf5 41. axb7 Qc3 42. Na6+ Kxb7 43. Rb3 Be4+ 44. Kh2 Qd2+ 45. Kg3 Qf4# 0-1

[Event "V Weekend B"]
[Site "Porto Sant'Elpidio ITA"]
[Date "2002.11.10"]
[Round "5"]
[White "Perogio, Lorenzo"]
[Black "Spano' Cuomo, Gaetano"]
[Result "1-0"]
[WhiteElo "1518"]
[BlackElo "1650"]
[PlyCount "83"]
[EventDate "2002.11.02"]

1. e4 e5 2. Nf3 Nc6 3. Bb5 a6 4. Ba4 Be7 5. O-O b5 6. Bb3 Nf6 7. Re1 d6 8. c3
Bg4 9. h3 Bh5 10. d3 Na5 11. Bc2 c5 12. Nbd2 O-O 13. Nf1 Nd7 14. Ng3 Bg6 15.
Nf5 Bxf5 16. exf5 Bf6 17. g4 g5 18. h4 h6 19. hxg5 Bxg5 20. Bxg5 hxg5 21. d4 f6
22. dxc5 dxc5 23. Qd5+ Kg7 24. Rad1 Ra7 25. Kg2 Rh8 26. Qe6 Nf8 27. Qxa6 Rxa6
28. Rxd8 Nc6 29. Rd6 Kf7 30. Be4 Nb8 31. Rxa6 Nxa6 32. Bc6 Nc7 33. Nd2 c4 34.
Ne4 Ke7 35. Rd1 Rh4 36. Kg3 Nce6 37. fxe6 Nxe6 38. Rd7+ Kf8 39. Nxf6 Nf4 40.
Kf3 b4 41. Rh7 bxc3 42. bxc3 1-0

[Event "V Weekend B"]
[Site "Porto Sant'Elpidio ITA"]
[Date "2002.11.10"]
[Round "5"]
[White "Piantieri, Guido"]
[Black "Di Blasio, Walter"]
[Result "1/2-1/2"]
[WhiteElo "1500"]
[BlackElo "1537"]
[PlyCount "120"]
[EventDate "2002.11.02"]

1. e4 d6 2. d4 Nf6 3. Nc3 g6 4. Be2 Bg7 5. Nf3 Bg4 6. h3 Bxf3 7. Bxf3 c6 8. Be3
Qa5 9. O-O O-O 10. Re1 Nbd7 11. Bd2 Qc7 12. Ne2 Rfd8 13. c3 a6 14. Ng3 c5 15.
Qc1 cxd4 16. cxd4 Qxc1 17. Raxc1 e5 18. Bc3 Rac8 19. h4 h5 20. Be2 Bf8 21. Rf1
Be7 22. f4 exd4 23. Bxd4 Nh7 24. f5 Bxh4 25. Rxc8 Rxc8 26. fxg6 fxg6 27. Bd1
Bf6 28. Bb3+ Kg7 29. Ne2 Re8 30. Bxf6+ Nhxf6 31. Nc3 Nc5 32. e5 dxe5 33. Bc4 b5
34. Be2 Nfe4 35. Nxe4 Nxe4 36. Rd1 Re6 37. Rd7+ Kf6 38. Bf3 Rd6 39. Rc7 Nd2 40.
Be2 e4 41. Kf2 Ke5 42. Ke3 Kf6 43. Rc2 Nc4+ 44. Bxc4 bxc4 45. Rxc4 Re6 46. Rxe4
Rxe4+ 47. Kxe4 Ke6 48. Kf4 Kf6 49. b4 g5+ 50. Kg3 Ke5 51. a4 Kd5 52. Kf3 Kc4
53. b5 axb5 54. axb5 Kxb5 55. Ke4 Kc6 56. Kf5 g4 57. Kg5 g3 58. Kh4 Kd5 59.
Kxg3 Ke5 60. Kh4 Kf4 1/2-1/2

[Event "V Weekend B"]
[Site "Porto Sant'Elpidio ITA"]
[Date "2002.11.10"]
[Round "6"]
[White "Basso, Fabrizio"]
[Black "Baleani, Emanuele"]
[Result "0-1"]
[WhiteElo "1546"]
[BlackElo "1659"]
[PlyCount "120"]
[EventDate "2002.11.02"]

1. d4 Nf6 2. c4 b6 3. Nf3 Bb7 4. g3 g6 5. Bg2 Bg7 6. O-O O-O 7. Nc3 d6 8. Bd2
Nbd7 9. Qc1 Re8 10. Re1 c5 11. d5 Rc8 12. e4 a6 13. h3 Qc7 14. Bh6 Qd8 15. Bxg7
Kxg7 16. Qf4 Qc7 17. e5 dxe5 18. Nxe5 Nxe5 19. Qxe5 Qxe5 20. Rxe5 Rcd8 21. Rae1
Ng8 22. R5e2 Bc8 23. Na4 Rd6 24. Nc3 Bf5 25. Re3 Bc8 26. Ne4 Rdd8 27. Rb3 f5
28. Ng5 Rd6 29. Ne6+ Bxe6 30. Rxe6 Rb8 31. a4 Rxe6 32. dxe6 Nf6 33. Bc6 a5 34.
f3 Nh5 35. Kf2 Kf6 36. Bd7 g5 37. Rd3 Ng7 38. Re3 Nh5 39. Rd3 Ng7 40. Re3 Ne8
41. Bc6 Nd6 42. Bd5 h5 43. Rb3 Ne8 44. f4 g4 45. h4 Nc7 46. Re3 Rd8 47. Rb3
Nxd5 48. cxd5 Rxd5 49. Rxb6 Rd6 50. Rb5 Kxe6 51. Rxc5 Rd2+ 52. Ke3 Rxb2 53.
Rxa5 Rb3+ 54. Kf2 Rb2+ 55. Ke3 Rg2 56. Re5+ Kf6 57. Kd4 Rxg3 58. Re3 Rxe3 59.
Kxe3 Ke6 60. Kd4 Kd6 0-1

[Event "V Weekend B"]
[Site "Porto Sant'Elpidio ITA"]
[Date "2002.11.10"]
[Round "6"]
[White "Gasparroni, Daniele"]
[Black "Rosati, Simone"]
[Result "1/2-1/2"]
[WhiteElo "1675"]
[BlackElo "1500"]
[PlyCount "120"]
[EventDate "2002.11.02"]

1. Nf3 d6 2. d4 Nf6 3. c4 e6 4. Nc3 b6 5. e3 Bb7 6. Bd3 Nbd7 7. O-O Be7 8. Qe2
d5 9. b3 O-O 10. Bb2 c5 11. Rfd1 cxd4 12. exd4 Re8 13. Rac1 Rc8 14. Bb1 Nf8 15.
Ne5 N8d7 16. Qd3 a6 17. Na4 dxc4 18. bxc4 Be4 19. Qb3 Bxb1 20. Rxb1 Qc7 21.
Nxd7 Nxd7 22. Rbc1 Bf6 23. Qd3 Red8 24. Qe2 Qc6 25. Qc2 b5 26. Nc5 Nxc5 27.
dxc5 Rxd1+ 28. Rxd1 Bxb2 29. Qxb2 Qxc5 30. cxb5 Qxb5 31. Qxb5 axb5 32. Kf1 Kf8
33. Rb1 Rc5 34. Ke2 Rc2+ 35. Ke3 Rxa2 36. Rxb5 Ke7 37. Rb7+ Kf6 38. Rb4 Ra5 39.
Rf4+ Rf5 40. Rh4 h6 41. h3 Kg6 42. Ra4 Rg5 43. Kf3 Rb5 44. Rg4+ Kf6 45. Rc4 Rd5
46. Ra4 g6 47. Rh4 h5 48. Ke3 Rg5 49. Kf3 Rf5+ 50. Ke3 Kg5 51. Rc4 f6 52. Re4
e5 53. g4 Rf4 54. Rxf4 exf4+ 55. Kf3 h4 56. Ke4 f3 57. Kxf3 f5 58. gxf5 Kxf5
59. Ke3 g5 60. Kf3 Kg6 1/2-1/2

[Event "V Weekend B"]
[Site "Porto Sant'Elpidio ITA"]
[Date "2002.11.10"]
[Round "6"]
[White "Iaconi, Andrea"]
[Black "Iori, Massimiliano"]
[Result "0-1"]
[WhiteElo "1623"]
[BlackElo "1572"]
[PlyCount "66"]
[EventDate "2002.11.02"]

1. e4 e5 2. Nf3 Nf6 3. Nxe5 d6 4. Nf3 Nxe4 5. d4 d5 6. Bd3 Bd6 7. O-O O-O 8. c4
c6 9. cxd5 cxd5 10. Nc3 Nxc3 11. bxc3 Bg4 12. h3 Bh5 13. Rb1 Nd7 14. Bd2 b6 15.
Re1 Nf6 16. Bg5 h6 17. Bd2 Ne4 18. Bxe4 dxe4 19. Rxe4 Bg6 20. Rg4 Bf5 21. Rh4
Be7 22. Rf4 Bxb1 23. Qxb1 Rc8 24. Rg4 h5 25. Re4 Bf6 26. Qb5 g6 27. g4 hxg4 28.
Rxg4 Qe8 29. Qb3 b5 30. Rxg6+ Kh8 31. Rxf6 Rg8+ 32. Kh2 Qe2 33. Qxf7 Qxf2+ 0-1

[Event "V Weekend B"]
[Site "Porto Sant'Elpidio ITA"]
[Date "2002.11.10"]
[Round "6"]
[White "Marinucci, Johnny"]
[Black "Paolini, Fabio"]
[Result "0-1"]
[WhiteElo "1534"]
[BlackElo "1687"]
[PlyCount "92"]
[EventDate "2002.11.02"]

1. d4 f5 2. Nf3 Nf6 3. Bf4 d6 4. e3 g6 5. Nbd2 Bg7 6. h3 O-O 7. Be2 c5 8. c3
Nc6 9. O-O b6 10. Re1 a6 11. Qc2 Bd7 12. Nf1 b5 13. N3d2 c4 14. Bf3 Rc8 15. Bh2
d5 16. b3 Ne4 17. bxc4 bxc4 18. Rab1 e5 19. Nxe4 fxe4 20. Be2 Qf6 21. Bg3 Rf7
22. Nd2 Rcf8 23. Rf1 Qg5 24. Qd1 h5 25. h4 Qd8 26. f3 exf3 27. gxf3 Bf6 28. Qe1
Bh3 29. Rf2 Bxh4 30. Rh2 Bxg3 31. Qxg3 Bf5 32. e4 dxe4 33. fxe4 Nxd4 34. Bxc4
Be6 35. Bxe6 Nxe6 36. Qxe5 Ng5 37. Qd4 Rd7 38. Qe3 Rxd2 39. Rxd2 Qxd2 40. Qxd2
Nf3+ 41. Kg2 Nxd2 42. Rb6 Kg7 43. Rxa6 Nxe4 44. c4 Rf2+ 45. Kg1 Rc2 46. Ra4 Kf6
0-1

[Event "V Weekend B"]
[Site "Porto Sant'Elpidio ITA"]
[Date "2002.11.10"]
[Round "6"]
[White "Morici, Marco"]
[Black "Fratini, Mauro"]
[Result "1/2-1/2"]
[WhiteElo "1621"]
[BlackElo "1594"]
[PlyCount "117"]
[EventDate "2002.11.02"]

1. c4 Nf6 2. Nc3 g6 3. d4 Bg7 4. e4 d6 5. Be2 O-O 6. Nf3 Bg4 7. h3 Bxf3 8. Bxf3
e5 9. d5 c6 10. O-O a6 11. Be3 c5 12. Qd2 Nbd7 13. Bh6 Rb8 14. Bxg7 Kxg7 15.
Qe2 Qa5 16. a4 h5 17. Qc2 Nh7 18. h4 Qd8 19. g3 Ndf6 20. Qe2 Qd7 21. Kg2 Ng4
22. a5 g5 23. Rh1 Rh8 24. Nd1 Rbg8 25. Bxg4 hxg4 26. Ne3 gxh4 27. Nf5+ Kf8 28.
Rxh4 Nf6 29. Rah1 Rxh4 30. Rxh4 Qd8 31. Qe3 Ke8 32. Qe2 Kd7 33. Nh6 Rg7 34.
Nxg4 Nxg4 35. Rxg4 Rh7 36. Qf3 Qh8 37. Qf5+ Kc7 38. Qg5 f6 39. Qg8 Qxg8 40.
Rxg8 Rf7 41. Kf3 b6 42. axb6+ Kxb6 43. Rc8 Rd7 44. Rf8 Ka5 45. Rxf6 Kb4 46. g4
a5 47. Kg3 Kb3 48. Rf8 a4 49. Ra8 Rb7 50. Ra6 Rb4 51. Rxd6 Kxb2 52. Ra6 a3 53.
d6 Rxc4 54. Rb6+ Kc2 55. Ra6 Rc3+ 56. f3 Rd3 57. Ra5 c4 58. Rd5 a2 59. d7
1/2-1/2

[Event "V Weekend B"]
[Site "Porto Sant'Elpidio ITA"]
[Date "2002.11.10"]
[Round "6"]
[White "Perogio, Lorenzo"]
[Black "Padovani, Alessio"]
[Result "1/2-1/2"]
[WhiteElo "1518"]
[BlackElo "1635"]
[PlyCount "64"]
[EventDate "2002.11.02"]

1. e4 e5 2. Nf3 Nc6 3. Bb5 a6 4. Ba4 Be7 5. O-O Nf6 6. Re1 b5 7. Bb3 d6 8. c3
Bg4 9. h3 Bxf3 10. Qxf3 O-O 11. d3 Na5 12. Bc2 c5 13. Nd2 h6 14. Nf1 Nh7 15.
Ng3 Bg5 16. Nf5 Bxc1 17. Raxc1 Nc6 18. Rcd1 Ne7 19. g4 Ng5 20. Qg3 Ne6 21. d4
cxd4 22. cxd4 Nxf5 23. exf5 Nxd4 24. Be4 Rb8 25. h4 d5 26. Qxe5 dxe4 27. Rxd4
Qxh4 28. Rdxe4 Qg5 29. Qd6 Ra8 30. Qc6 Qd8 31. Qc3 Rc8 32. Qf3 Qd7 1/2-1/2

[Event "V Weekend B"]
[Site "Porto Sant'Elpidio ITA"]
[Date "2002.11.10"]
[Round "6"]
[White "Ragnini, Damiano"]
[Black "Cecannecchia, Gianluca"]
[Result "1-0"]
[WhiteElo "1537"]
[BlackElo "1495"]
[PlyCount "149"]
[EventDate "2002.11.02"]

1. e4 e5 2. Nf3 Nc6 3. d4 d6 4. Bb5 Bd7 5. O-O Nb8 6. Nc3 Bxb5 7. Nxb5 Nd7 8.
c4 a6 9. Nc3 Ngf6 10. Bg5 Be7 11. Rc1 O-O 12. Nh4 exd4 13. Qxd4 Ne5 14. f4 Nc6
15. Qd2 Re8 16. f5 Ne5 17. b3 Qd7 18. Rcd1 Qc6 19. Nd5 Nxe4 20. Nxe7+ Rxe7 21.
Qc1 f6 22. Be3 Rae8 23. Nf3 Nxf3+ 24. Rxf3 Nc5 25. Rdf1 Re5 26. Bd4 Re2 27. Rg3
Nd7 28. Qd1 Qe4 29. Bf2 Ne5 30. h3 h5 31. Qd5+ Qxd5 32. cxd5 Rxa2 33. Bd4 Rd2
34. Bc3 Rxd5 35. Ra1 Rd3 36. Bxe5 Rd5 37. Bxf6 Rxf5 38. Bxg7 Kh7 39. Bc3 Rg8
40. Re3 Rf7 41. Rae1 Rgf8 42. Re7 Kg6 43. R7e6+ Kh7 44. h4 Rf4 45. g3 Rf3 46.
Re7+ R8f7 47. Rxf7+ Rxf7 48. Re8 c6 49. Rh8+ Kg6 50. Rg8+ Kh7 51. Rg5 Rf3 52.
Rxh5+ Kg8 53. Rg5+ Kf7 54. Rg7+ Ke6 55. Rg6+ Kd5 56. Rg5+ Ke4 57. Be1 Rxb3 58.
h5 Rf3 59. h6 Rf6 60. Rg4+ Kd5 61. h7 Rh6 62. Rg7 b5 63. Bd2 Rh5 64. Rg5+ Rxg5
65. Bxg5 Kc4 66. h8=Q d5 67. Bd2 d4 68. Qg8+ Kd3 69. Qa2 c5 70. Kf1 c4 71. Ke1
c3 72. Bc1 Ke4 73. Qxa6 b4 74. Qe6+ Kd3 75. Qe2# 1-0

[Event "V Weekend B"]
[Site "Porto Sant'Elpidio ITA"]
[Date "2002.11.10"]
[Round "6"]
[White "Silvestri, Giorgio"]
[Black "Muzzi, Claudio"]
[Result "0-1"]
[WhiteElo "1648"]
[BlackElo "1536"]
[PlyCount "84"]
[EventDate "2002.11.02"]

1. d4 Nf6 2. c4 g6 3. Nc3 d5 4. e3 Bg7 5. Nf3 O-O 6. Be2 dxc4 7. Bxc4 c6 8. O-O
b5 9. Bb3 Bg4 10. h3 Bc8 11. Qc2 a5 12. a3 Nbd7 13. Ne2 Bb7 14. e4 Rc8 15. Be3
c5 16. d5 c4 17. Ba2 Nc5 18. Bxc5 Rxc5 19. b4 axb4 20. axb4 Rc8 21. Rab1 Qb6
22. Nc3 Nd7 23. Rfe1 Ne5 24. Nxe5 Bxe5 25. Rbd1 Ra8 26. Bb1 Ra3 27. Na2 Qf6 28.
Re3 Rxe3 29. fxe3 Qg5 30. Qf2 Ra8 31. Rf1 f6 32. Re1 Bg3 33. Qe2 Ra3 34. Rf1
Rxe3 35. Qc2 Be5 36. Qc1 Qg3 37. Qd1 Bc8 38. d6 Bxh3 39. Qd2 exd6 40. Bc2 Bd4
41. Kh1 Bxg2+ 42. Qxg2 Qh4+ 0-1

[Event "V Weekend B"]
[Site "Porto Sant'Elpidio ITA"]
[Date "2002.11.10"]
[Round "6"]
[White "Yamauchi, Juan"]
[Black "Pierantozzi, Stanislao"]
[Result "1-0"]
[WhiteElo "1416"]
[BlackElo "1491"]
[PlyCount "96"]
[EventDate "2002.11.02"]

1. Nf3 d5 2. b4 e6 3. Bb2 Nf6 4. a3 c5 5. bxc5 Bxc5 6. e3 Nc6 7. d4 Bd6 8. Nbd2
O-O 9. Bd3 b6 10. O-O Bb7 11. Rc1 Qe7 12. Nb1 a6 13. c4 dxc4 14. Bxc4 b5 15.
Bd3 Qd7 16. Ne5 Qe8 17. f4 Ne7 18. Nd2 Rc8 19. Rxc8 Qxc8 20. Qe2 Qa8 21. e4 Qa7
22. g4 g6 23. g5 Nh5 24. Qg4 Ng7 25. Qh4 Rd8 26. Ng4 Nh5 27. Nf6+ Kf8 28. Nxh7+
Kg7 29. Nf6 Rh8 30. e5 Bxa3 31. Ba1 Nd5 32. Nxh5+ Rxh5 33. Qg3 b4 34. Nc4 Nc3
35. Qf2 Rh3 36. Ne3 Ba8 37. Bc4 Kg8 38. Nc2 Qb7 39. d5 Nxd5 40. Qg2 Rh8 41. Rd1
Nxf4 42. Qxb7 Bxb7 43. Rd8+ Kg7 44. Rxh8 Kxh8 45. Bf1 a5 46. Nxa3 bxa3 47. Kf2
Bd5 48. Ke3 Kg8 1-0

[Event "C.to Provinciale BG"]
[Site "Bergamo ITA"]
[Date "2002.10.04"]
[Round "1"]
[White "Bassis, Ivano"]
[Black "Impellizzeri, Francesco"]
[Result "1-0"]
[WhiteElo "1768"]
[BlackElo "1501"]
[PlyCount "69"]
[EventDate "2002.10.04"]

1. e4 e6 2. d3 d5 3. Nd2 c5 4. g3 g6 5. Bg2 Bg7 6. Ngf3 Ne7 7. O-O Nbc6 8. c3
O-O 9. Re1 b5 10. exd5 exd5 11. Nb3 c4 12. dxc4 dxc4 13. Qxd8 Rxd8 14. Nc5 Bf5
15. Nd4 Rac8 16. Nxb5 Ne5 17. Nb7 Rd3 18. Nd4 N7c6 19. Nd6 Rxd4 20. cxd4 Nxd4
21. Nxf5 gxf5 22. Rd1 Nc2 23. Rb1 Nd3 24. b3 cxb3 25. axb3 Ncb4 26. Ba3 Rc2 27.
Bf1 Ra2 28. Bxd3 Nxd3 29. Be7 Re2 30. Bg5 h6 31. Be3 Nb2 32. Rd8+ Kh7 33. Rc1
a5 34. Kf1 Bf6 35. Rd7 1-0

[Event "C.to Provinciale BG"]
[Site "Bergamo ITA"]
[Date "2002.10.04"]
[Round "1"]
[White "Biava, Pierluigi"]
[Black "Mora, Paolo"]
[Result "0-1"]
[WhiteElo "1606"]
[BlackElo "2056"]
[PlyCount "82"]
[EventDate "2002.10.04"]

1. e4 e5 2. f4 exf4 3. Nf3 h6 4. Bc4 d6 5. O-O Nc6 6. d4 g5 7. c3 Rh7 8. Qd3
Rg7 9. b4 Be7 10. e5 d5 11. Bb3 Be6 12. Qb5 Rb8 13. Kh1 Qd7 14. a4 Bd8 15. a5
Nxe5 16. Nxe5 Qxb5 17. Ba4 Qxa4 18. Rxa4 Nf6 19. Nd2 Ne4 20. Ra3 a6 21. Re1 f5
22. c4 c6 23. Nd3 Bf6 24. Nc5 Re7 25. Nxe6 Rxe6 26. Nf3 dxc4 27. Bb2 Kf7 28.
Ne5+ Bxe5 29. dxe5 Nf2+ 30. Kg1 Nd3 31. Re2 Nxb2 32. Rxb2 Rxe5 33. Rc3 Re4 34.
Rd2 Rbe8 35. Kf2 Ke6 36. Rh3 Rh8 37. Rc3 Rh7 38. Rd8 Rd7 39. Rh8 Kd5 40. Rxh6
Kd4 41. Rhh3 g4 0-1

[Event "C.to Provinciale BG"]
[Site "Bergamo ITA"]
[Date "2002.10.04"]
[Round "1"]
[White "Elitropi, Giorgio"]
[Black "D'Angheo, Savino"]
[Result "1-0"]
[WhiteElo "1671"]
[BlackElo "1500"]
[PlyCount "117"]
[EventDate "2002.10.04"]

1. f4 d5 2. Nf3 Nf6 3. e3 c5 4. b3 Nc6 5. Bb5 Bd7 6. O-O e6 7. Bb2 Be7 8. Bxc6
Bxc6 9. Ne5 Qc7 10. d3 O-O 11. Rf3 Rad8 12. Rg3 d4 13. e4 Bd6 14. Ng4 Nxg4 15.
Qxg4 f5 16. exf5 exf5 17. Qd1 Bxf4 18. Rh3 Rf6 19. Nd2 Rg6 20. Nf3 Bxf3 21.
Qxf3 Re8 22. Qd5+ Ree6 23. Ba3 b6 24. Rf1 Qe5 25. Qxe5 Bxe5 26. Rxf5 Bd6 27.
Rhf3 Re2 28. Rf2 Rge6 29. g3 Re1+ 30. Rf1 R6e2 31. R5f2 Rxf1+ 32. Kxf1 Rxf2+
33. Kxf2 Kf7 34. Kf3 Kf6 35. Bc1 h5 36. h4 Kf5 37. a4 a6 38. Bg5 b5 39. axb5
axb5 40. Bd8 Ke5 41. Bg5 Kd5 42. g4 hxg4+ 43. Kxg4 Be5 44. Kf5 Kd6 45. Be7+
Kxe7 46. Kxe5 Kf7 47. h5 Ke7 48. Kf5 Kf7 49. Ke5 Ke7 50. Kd5 Kf6 51. Kxc5 Kg5
52. Kxd4 Kxh5 53. Ke4 g5 54. Kf3 g4+ 55. Kg3 Kg5 56. c4 bxc4 57. bxc4 Kf5 58.
d4 Ke4 59. d5 1-0

[Event "C.to Provinciale BG"]
[Site "Bergamo ITA"]
[Date "2002.10.04"]
[Round "1"]
[White "Elsido, Massimo"]
[Black "Nasoni, Paolo"]
[Result "0-1"]
[WhiteElo "1585"]
[BlackElo "1741"]
[PlyCount "74"]
[EventDate "2002.10.04"]

1. e4 e5 2. Nf3 Nc6 3. Bb5 Nge7 4. O-O g6 5. d3 Bg7 6. Nc3 O-O 7. Bg5 f6 8. Be3
Kh8 9. h3 a6 10. Bc4 b5 11. Bb3 Na5 12. Qd2 Nxb3 13. axb3 Bb7 14. Nh2 f5 15.
Bh6 f4 16. Bxg7+ Kxg7 17. Ng4 d6 18. Ne2 h5 19. Nh2 g5 20. g3 Ng6 21. Kh1 d5
22. f3 dxe4 23. fxe4 Bxe4+ 24. Kg1 Bb7 25. gxf4 exf4 26. Nf3 g4 27. Qc3+ Kh6
28. hxg4 hxg4 29. Kf2 Bxf3 30. Rh1+ Bxh1 31. Rxh1+ Nh4 32. Nd4 g3+ 33. Kg1 f3
34. Qc6+ Qd6 35. Rxh4+ Kg5 36. Ne6+ Qxe6 37. Qxe6 f2+ 0-1

[Event "C.to Provinciale BG"]
[Site "Bergamo ITA"]
[Date "2002.10.04"]
[Round "1"]
[White "Fiorona, Gianpietro"]
[Black "Bertoletti, Vincenzo"]
[Result "1-0"]
[WhiteElo "1585"]
[BlackElo "1377"]
[PlyCount "95"]
[EventDate "2002.10.04"]

1. d4 d5 2. Nd2 Bf5 3. e3 e6 4. Ne2 Nf6 5. f3 Bd6 6. c3 O-O 7. Ng3 Bg6 8. f4
Nbd7 9. Nf3 c5 10. Ne5 Be4 11. Nxe4 Nxe4 12. Qf3 cxd4 13. exd4 a6 14. Bd3 f5
15. O-O Nxe5 16. fxe5 Be7 17. Qh5 Bg5 18. Bxe4 Bxc1 19. Bxf5 Be3+ 20. Kh1 Rxf5
21. Rxf5 exf5 22. Qxf5 Kh8 23. Rf1 Bg5 24. e6 Be7 25. Kg1 Qd6 26. Qg4 Re8 27.
Re1 Rf8 28. g3 b5 29. a3 a5 30. Qe2 Qc6 31. Qe5 b4 32. axb4 axb4 33. cxb4 Bxb4
34. e7 Re8 35. Rf1 Bxe7 36. Qxe7 h6 37. Rf8+ Rxf8 38. Qxf8+ Kh7 39. Qc5 Qe6 40.
Qc3 Qe2 41. b4 Qd1+ 42. Kf2 Qh1 43. Qd3+ Kg8 44. h4 h5 45. Qf3 Qb1 46. Qxd5+
Kf8 47. Qxh5 Qxb4 48. Qc5+ 1-0

[Event "C.to Provinciale BG"]
[Site "Bergamo ITA"]
[Date "2002.10.04"]
[Round "1"]
[White "Mangili, Riccardo"]
[Black "Cammarota, Vittorio"]
[Result "0-1"]
[WhiteElo "1536"]
[BlackElo "1687"]
[PlyCount "100"]
[EventDate "2002.10.04"]

1. e4 c5 2. Nf3 Nc6 3. d4 cxd4 4. Nxd4 Qb6 5. Nxc6 dxc6 6. Nc3 e5 7. a3 Nf6 8.
Bc4 Bc5 9. O-O Bg4 10. Qe1 Bd4 11. Bd3 a6 12. Na4 Qd8 13. Bg5 h6 14. Be3 O-O
15. Kh1 b5 16. Nc3 c5 17. f3 Be6 18. Rd1 Qc7 19. Bd2 c4 20. Be2 Rfd8 21. f4
exf4 22. Bxf4 Be5 23. Bxe5 Qxe5 24. Bf3 g5 25. h3 h5 26. Be2 g4 27. h4 Nxe4 28.
Nxe4 Qxe4 29. Rxd8+ Rxd8 30. Bd1 Qxe1 31. Rxe1 Rd2 32. Kh2 Bd5 33. Kg3 Rxg2+
34. Kf4 Rf2+ 35. Kg3 Rg2+ 36. Kf4 Kg7 37. b3 cxb3 38. cxb3 Rh2 39. Re5 Be6 40.
a4 bxa4 41. bxa4 Rxh4 42. Be2 Kf6 43. Rc5 Rh2 44. Bxa6 h4 45. Bb7 g3 46. Rh5
Rf2+ 47. Ke3 h3 48. a5 Ra2 49. a6 g2 50. Bxg2 hxg2 0-1

[Event "C.to Provinciale BG"]
[Site "Bergamo ITA"]
[Date "2002.10.04"]
[Round "1"]
[White "Mora, Aldo"]
[Black "Gozzini, Giambattista"]
[Result "0-1"]
[WhiteElo "1398"]
[BlackElo "1609"]
[PlyCount "158"]
[EventDate "2002.10.04"]

1. e4 c6 2. h3 d5 3. e5 Bf5 4. d4 e6 5. Nf3 Nd7 6. Bd3 Bxd3 7. Qxd3 c5 8. c3
Ne7 9. O-O Qb6 10. b3 Nc6 11. Na3 Be7 12. Nc2 O-O 13. Ng5 Bxg5 14. Bxg5 cxd4
15. cxd4 Nb4 16. Nxb4 Qxb4 17. Bd2 Qb6 18. a3 Rfc8 19. Rfc1 Rc6 20. Rxc6 bxc6
21. b4 f6 22. exf6 Nxf6 23. Be3 a5 24. Rb1 Rb8 25. Qb3 Ne4 26. Qd3 Rb7 27. Qc2
Qb5 28. Kh2 Nd6 29. Qc5 Qxc5 30. dxc5 Nc4 31. Bc1 axb4 32. Rxb4 Rxb4 33. axb4
Kf7 34. Kg1 e5 35. Kf1 Ke6 36. Ke2 e4 37. f3 Ke5 38. fxe4 Kxe4 39. Kd1 Kd3 40.
g4 Kc3 41. b5 cxb5 42. c6 Nb6 43. h4 g6 44. c7 b4 45. Bd2+ Kc4 46. Kc1 Kc5 47.
Be3+ d4 48. Bf4 Nc8 49. Kc2 Kc4 50. Bd2 Kb5 51. Kb3 Kc6 52. Kxb4 Kxc7 53. Kc4
Nb6+ 54. Kxd4 Kd6 55. Kd3 Ke5 56. Be1 Nd5 57. Ke2 Ke4 58. Bf2 Nc3+ 59. Kf1 Kf3
60. Bd4 Ne4 61. g5 Nd2+ 62. Kg1 Kg4 63. Bf2 Nf3+ 64. Kg2 Nxh4+ 65. Kh2 Kxg5 66.
Kh3 Nf5 67. Be1 h5 68. Bd2+ Kf6 69. Bc3+ Ke6 70. Bd2 Nd4 71. Be3 Ke5 72. Bf2
Nf5 73. Be1 g5 74. Kh2 g4 75. Bc3+ Kf4 76. Ba5 Kf3 77. Kg1 h4 78. Bc7 h3 79.
Kh2 Ne3 0-1

[Event "C.to Provinciale BG"]
[Site "Bergamo ITA"]
[Date "2002.10.04"]
[Round "1"]
[White "Mora, Lorenzo"]
[Black "Gualdi, Paolo"]
[Result "1-0"]
[WhiteElo "1636"]
[BlackElo "1413"]
[PlyCount "59"]
[EventDate "2002.10.04"]

1. e4 e6 2. d4 d5 3. e5 c5 4. c3 Nc6 5. Nf3 Qb6 6. a3 c4 7. Nbd2 Na5 8. Rb1 Bd7
9. Be2 f6 10. O-O O-O-O 11. Qe1 Ba4 12. Bd1 Nb3 13. Nxb3 Bxb3 14. Bxb3 Qxb3 15.
exf6 Qb6 16. fxg7 Bxg7 17. Ne5 Rf8 18. Qd1 Nf6 19. Be3 Ne4 20. Qa4 Bxe5 21.
dxe5 Nc5 22. Qb4 Qxb4 23. cxb4 Nb3 24. Rfd1 Rd8 25. Bxa7 d4 26. Kf1 c3 27. bxc3
dxc3 28. Rxd8+ Rxd8 29. Rxb3 c2 30. Rc3+ 1-0

[Event "C.to Provinciale BG"]
[Site "Bergamo ITA"]
[Date "2002.10.04"]
[Round "1"]
[White "Riggio, Mauro"]
[Black "Gazzetta, Marco"]
[Result "1-0"]
[WhiteElo "1717"]
[BlackElo "1540"]
[PlyCount "101"]
[EventDate "2002.10.04"]

1. e4 e6 2. d4 d5 3. Nd2 Nf6 4. e5 Nfd7 5. Ne2 c5 6. c3 Nc6 7. g3 Qb6 8. Nf3
cxd4 9. cxd4 Bb4+ 10. Nc3 f6 11. Be3 fxe5 12. dxe5 Qc7 13. Nd4 Qxe5 14. Be2 Nf6
15. O-O Bxc3 16. bxc3 Nxd4 17. Bxd4 Qd6 18. Bh5+ Nxh5 19. Qxh5+ g6 20. Qh6 Rf8
21. Qxh7 Qe7 22. Qxe7+ Kxe7 23. Bc5+ Kf7 24. Bxf8 Kxf8 25. Rab1 b6 26. Rfe1 Kf7
27. Rb4 Ba6 28. Rh4 Bc4 29. a3 Kf6 30. f4 Rc8 31. Rh7 Bd3 32. Rxa7 Rxc3 33. Rd1
Bc4 34. Rd2 b5 35. Rb2 g5 36. fxg5+ Kxg5 37. a4 bxa4 38. Rxa4 e5 39. Kf2 Kg4
40. Ra7 Rf3+ 41. Ke1 Rf1+ 42. Kd2 Rf2+ 43. Kc3 Rxb2 44. Kxb2 Kf3 45. Kc3 e4 46.
Kd4 Kg4 47. Rc7 Bb3 48. Rc3 Bc4 49. Rxc4 dxc4 50. Kxe4 Kh3 51. Kd4 1-0